Statistics for Biggest Metropolitan Cities in Colombia

Click here to take the quiz!

General Stats

  • This quiz has been taken 22 times
  • The average score is 6 of 7

Answer Stats

Population (2024)City% Correct
12,773,000Bogotá
100%
2,569,000Cali
100%
3,731,000Medellín
100%
1,029,000Cartagena
95%
1,345,000Barranquilla
90%
1,304,000Bucaramanga
50%
1,046,000Cúcuta
50%

Score Distribution

Percentile by Number Answered

Percent of People with Each Score

Your Score History

You have not taken this quiz